Professional indemnity insurance: a guide to coping with the renewal process (Record no. 70624)

MARC details
000 -LEADER
fixed length control field 00729cam a2200181 4500
001 - CONTROL NUMBER
control field X118603
008 - FIXED-LENGTH DATA ELEMENTS--GENERAL INFORMATION
fixed length control field 020701n2002 000 0 eng u
035 ## - SYSTEM CONTROL NUMBER
System control number (Sirsi) u118603
100 ## - MAIN ENTRY--PERSONAL NAME
Personal name Moss, T
245 ## - TITLE STATEMENT
Title Professional indemnity insurance: a guide to coping with the renewal process
260 ## - PUBLICATION, DISTRIBUTION, ETC.
Date of publication, distribution, etc. 2002
490 ## - SERIES STATEMENT
Series statement New Law Journal
Volume/sequential designation 152(7029) Insurance Supplement 26 April 2002, 634-636(2)
520 ## - SUMMARY, ETC.
Summary, etc. Looks at how law firms can keep insurance premiums low by evaluating existing operational procedures, and adopting best practice in completing proposal form. Table of insurance website addresses.
650 ## - SUBJECT ADDED ENTRY--TOPICAL TERM
Topical term or geographic name entry element PROFESSIONAL INDEMNITY INSURANCE
650 ## - SUBJECT ADDED ENTRY--TOPICAL TERM
Topical term or geographic name entry element BEST PRACTICE
690 ## - LOCAL SUBJECT ADDED ENTRY--TOPICAL TERM (OCLC, RLIN)
Topical term or geographic name as entry element Insurance
9 (RLIN) 6249
942 ## - ADDED ENTRY ELEMENTS (KOHA)
Suppress in OPAC 0
Holdings
Withdrawn status Lost status Source of classification or shelving scheme Damaged status Not for loan Home library Current library Shelving location Date acquired Total Checkouts Barcode Date last seen Copy number Price effective from Koha item type
    Dewey Decimal Classification     London London Journal article 01/07/2002   118603-1001 06/08/2019 1 06/08/2019 Journal article